Database Management Systems (Record no. 367101)

MARC details
000 -LEADER
fixed length control field 00391nam a22001457a 4500
005 - DATE AND TIME OF LATEST TRANSACTION
control field 20250626111625.0
008 - FIXED-LENGTH DATA ELEMENTS--GENERAL INFORMATION
fixed length control field 250626b |||||||| |||| 00| 0 eng d
020 ## - INTERNATIONAL STANDARD BOOK NUMBER
International Standard Book Number 81-219-3245-9
082 ## - DEWEY DECIMAL CLASSIFICATION NUMBER
Edition number 1st ed
100 ## - MAIN ENTRY--PERSONAL NAME
Author Chopra R
245 ## - TITLE STATEMENT
Title Database Management Systems
Remainder of title A Practical Approach
260 ## - PUBLICATION, DISTRIBUTION, ETC.
Place of publication, distribution, etc. New Delhi
Name of publisher, distributor, etc. S.Chand & Company Ltd.
Date of publication, distribution, etc. 2010
300 ## - PHYSICAL DESCRIPTION
Extent 687p
942 ## - ADDED ENTRY ELEMENTS (KOHA)
Koha item type Books
Holdings
Withdrawn status Lost status Source of classification or shelving scheme Damaged status Not for loan Home library Current library Date acquired Total Checkouts Barcode Date last seen Date last checked out Bill Date Koha item type Original Barcode
    Dewey Decimal Classification     MKSSS s K.B. Joshi Institute of Information Technology Library MKSSS s K.B. Joshi Institute of Information Technology Library 26/06/2025 1 KBJP-D-505 10/10/2025 06/10/2025 26/06/2025 Books D505
    Dewey Decimal Classification     MKSSS s K.B. Joshi Institute of Information Technology Library MKSSS s K.B. Joshi Institute of Information Technology Library 26/06/2025   KBJP-D-506 26/06/2025   26/06/2025 Books D506
    Dewey Decimal Classification     MKSSS s K.B. Joshi Institute of Information Technology Library MKSSS s K.B. Joshi Institute of Information Technology Library 26/06/2025   KBJP-D-507 26/06/2025   26/06/2025 Books D507
    Dewey Decimal Classification     MKSSS s K.B. Joshi Institute of Information Technology Library MKSSS s K.B. Joshi Institute of Information Technology Library 26/06/2025 2 KBJP-D-508 14/11/2025 10/11/2025 26/06/2025 Books D508
    Dewey Decimal Classification     MKSSS s K.B. Joshi Institute of Information Technology Library MKSSS s K.B. Joshi Institute of Information Technology Library 26/06/2025 2 KBJP-D-509 10/11/2025 03/11/2025 26/06/2025 Books D509